[Event "World Rapid 2022"]
[Site "Almaty KAZ"]
[Date "2022.12.26"]
[Round "1.25"]
[White "Svane, Frederik"]
[Black "Cheparinov, Ivan"]
[Result "1/2-1/2"]
[WhiteTitle "GM"]
[BlackTitle "GM"]
[WhiteElo "2568"]
[BlackElo "2688"]
[WhiteFideId "12923044"]
[BlackFideId "2905540"]
[EventDate "2022.12.26"]

1. e4 c5 2. Nf3 d6 3. d4 cxd4 4. Nxd4 Nf6 5. Nc3 a6 6. h3 e5 7. Nde2 h5 8. Bg5
Be6 9. Bxf6 Qxf6 10. Nd5 Qd8 11. Qd3 Nc6 12. O-O-O g6 13. f4 Bg7 14. f5 gxf5 15.
exf5 Bxd5 16. Qxd5 Qg5+ 17. Kb1 Qxf5 18. Ng3 Qe6 19. Qxe6+ fxe6 20. Rxd6 Ke7 21.
Ne4 Rad8 22. Rxd8 Rxd8 23. Be2 h4 24. c3 Bh6 25. b4 Na7 26. Rd1 Rxd1+ 27. Bxd1
Nb5 28. Bf3 b6 29. Be2 Nc7 30. Kb2 Be3 31. Kb3 b5 32. c4 bxc4+ 33. Bxc4 Kd7 34.
g3 hxg3 35. Nxg3 Bg5 36. Ne4 Be7 37. a4 Kc6 38. Bxa6 Nxa6 39. b5+ Kb6 40. bxa6
Kxa6 41. Nd2 Bg5 42. Ne4 Be7 43. Nf2 Ka5 44. Nd3 e4 45. Ne5 Bf6 46. Nc4+ Ka6 47.
Kc2 Bg5 48. Kc3 e3 49. Kd3 e5 50. Ke2 e4 51. Nd6 Ka5 52. Nxe4 Bd8 53. Kxe3 Kxa4
54. Kd4 Kb5 55. Kd5 Bh4 56. Nc5 Kb6 57. Ne6 Kb5 58. Kd6 Kc4 59. Ke5 Bg3+ 60. Ke4
Bh4 61. Nd4 Kc5 62. Nf5 Bg5 63. Ke5 Kc6 64. Ke6 Kc5 65. Ng7 Kc6 66. Kf5 Bh4 67.
Kg4 Be7 68. Ne6 Kd7 69. Ng5 Bxg5 70. Kxg5 Ke7 71. h4 Kf7 72. Kh6 Kg8 73. h5 Kh8
74. Kg6 Kg8 75. h6 Kh8 76. h7 1/2-1/2

[Event "World Rapid 2022"]
[Site "Almaty KAZ"]
[Date "2022.12.26"]
[Round "1.26"]
[White "Ganguly, Surya Shekhar"]
[Black "Makarian, Rudik"]
[Result "1-0"]
[WhiteTitle "GM"]
[BlackTitle "IM"]
[WhiteElo "2582"]
[BlackElo "2554"]
[WhiteFideId "5002150"]
[BlackFideId "44105681"]
[EventDate "2022.12.26"]

1. e4 c5 2. c3 Nf6 3. e5 Nd5 4. Nf3 e6 5. d4 cxd4 6. cxd4 d6 7. Bc4 Nc6 8. O-O
Be7 9. Qe2 O-O 10. Nc3 Nxc3 11. bxc3 dxe5 12. dxe5 Qc7 13. Bd3 b6 14. Re1 Bb7
15. Ng5 g6 16. Nxh7 Kxh7 17. Qh5+ Kg8 18. Bxg6 fxg6 19. Qxg6+ Kh8 20. Qh6+ Kg8
21. Re3 Bh4 22. Qxh4 Rf7 23. Rg3+ Rg7 24. Bg5 Rf8 25. Bf6 Rxf6 26. exf6 Rxg3 27.
fxg3 Qh7 28. Qf4 Qg6 29. Rd1 Bc8 30. Qc7 1-0

[Event "World Rapid 2022"]
[Site "Almaty KAZ"]
[Date "2022.12.26"]
[Round "1.27"]
[White "Yoo, Christopher Woojin"]
[Black "Harikrishna, Pentala"]
[Result "1/2-1/2"]
[WhiteTitle "GM"]
[BlackTitle "GM"]
[WhiteElo "2575"]
[BlackElo "2705"]
[WhiteFideId "30909694"]
[BlackFideId "5007003"]
[EventDate "2022.12.26"]

1. d4 Nf6 2. c4 e6 3. Nc3 Bb4 4. f3 d5 5. a3 Bxc3+ 6. bxc3 c5 7. e3 O-O 8. cxd5
Nxd5 9. c4 Nf6 10. Bd3 Nc6 11. Ne2 b6 12. Bb2 cxd4 13. Nxd4 Bb7 14. O-O Rc8 15.
Nb5 Qe7 16. Nd6 Rcd8 17. Bxf6 gxf6 18. f4 f5 19. Nxb7 Qxb7 20. Qh5 Qe7 21. Rad1
Rd7 22. Bxf5 exf5 23. Rxd7 Qxd7 24. Qg5+ Kh8 25. Qf6+ Kg8 26. Qg5+ Kh8 27. Qf6+
Kg8 28. Qg5+ 1/2-1/2

[Event "World Rapid 2022"]
[Site "Almaty KAZ"]
[Date "2022.12.26"]
[Round "1.28"]
[White "Salem, A.R. Saleh"]
[Black "Tin, Jingyao"]
[Result "1-0"]
[WhiteTitle "GM"]
[BlackTitle "GM"]
[WhiteElo "2677"]
[BlackElo "2562"]
[WhiteFideId "9301348"]
[BlackFideId "5804418"]
[EventDate "2022.12.26"]

1. d4 d5 2. c4 c6 3. Nf3 Nf6 4. e3 Bf5 5. Nc3 e6 6. Nh4 Be4 7. f3 Bg6 8. Qb3 Qc7
9. cxd5 cxd5 10. Bd2 Nc6 11. Nxg6 hxg6 12. O-O-O a6 13. Kb1 Be7 14. Rc1 Nd7 15.
Be1 O-O 16. Qd1 Rfc8 17. h4 Na5 18. Nxd5 Qxc1+ 19. Qxc1 Rxc1+ 20. Kxc1 Nb3+ 21.
axb3 exd5 22. Bd3 Rc8+ 23. Kd1 Rc6 24. Bc3 Rb6 25. Bc2 Nf6 26. g3 Ne8 27. e4
dxe4 28. g4 Rd6 29. fxe4 Nc7 30. Ke2 Rd7 31. e5 Nb5 32. Be4 Bd8 33. Ke3 Nc7 34.
Bd3 Nd5+ 1-0

[Event "World Rapid 2022"]
[Site "Almaty KAZ"]
[Date "2022.12.26"]
[Round "1.29"]
[White "Yudin, Sergei"]
[Black "Gelfand, Boris"]
[Result "1/2-1/2"]
[WhiteTitle "GM"]
[BlackTitle "GM"]
[WhiteElo "2469"]
[BlackElo "2667"]
[WhiteFideId "4159659"]
[BlackFideId "2805677"]
[EventDate "2022.12.26"]

1. e4 c5 2. Nf3 Nc6 3. Bb5 e6 4. O-O Nge7 5. Re1 a6 6. Bf1 d5 7. exd5 Nxd5 8. d4
Nf6 9. Be3 cxd4 10. Nxd4 Bd7 11. c4 Qc7 12. Nc3 Bd6 13. g3 Nxd4 14. Bxd4 O-O 15.
Bxf6 gxf6 16. Ne4 Be5 17. Qg4+ Kh8 18. Qh4 Kg7 19. Qg4+ Kh8 20. Qh4 Kg7 21. Qg4+ 1/2-1/2

[Event "World Rapid 2022"]
[Site "Almaty KAZ"]
[Date "2022.12.26"]
[Round "1.30"]
[White "Svane, Rasmus"]
[Black "Lazavik, Denis"]
[Result "1/2-1/2"]
[WhiteTitle "GM"]
[BlackTitle "GM"]
[WhiteElo "2622"]
[BlackElo "2537"]
[WhiteFideId "4657101"]
[BlackFideId "13515110"]
[EventDate "2022.12.26"]

1. Nf3 d5 2. g3 Nf6 3. Bg2 e6 4. O-O Be7 5. c4 O-O 6. b3 c5 7. cxd5 Nxd5 8. Nc3
Bf6 9. Bb2 Nc6 10. Qc2 b6 11. Nxd5 Bxb2 12. Qxb2 exd5 13. d4 Qf6 14. Qd2 cxd4
15. Rfd1 Bg4 16. Nxd4 Nxd4 17. Qxd4 Qxd4 18. Rxd4 Bxe2 19. Rxd5 Rad8 20. Re1 Bg4
21. Re7 1/2-1/2

[Event "World Rapid 2022"]
[Site "Almaty KAZ"]
[Date "2022.12.26"]
[Round "1.31"]
[White "Aleksandrov, Aleksej"]
[Black "Anton Guijarro, David"]
[Result "0-1"]
[WhiteTitle "GM"]
[BlackTitle "GM"]
[WhiteElo "2495"]
[BlackElo "2675"]
[WhiteFideId "13500139"]
[BlackFideId "2285525"]
[EventDate "2022.12.26"]

1. Nf3 d5 2. e3 Nf6 3. b3 Bf5 4. Ba3 g6 5. Be2 Bg7 6. O-O Ne4 7. c3 O-O 8. Qc1
Re8 9. d3 Nd6 10. d4 Nd7 11. c4 dxc4 12. bxc4 c5 13. Nc3 Qa5 14. Bb2 cxd4 15.
exd4 Rac8 16. Nd5 Nb6 17. Bc3 Qa4 18. Nxb6 axb6 19. Nd2 b5 20. c5 b4 21. Bb2 b6
22. Nb3 Ne4 23. Bf3 bxc5 24. Bxe4 Bxe4 25. dxc5 e5 26. Rd1 Qa8 27. f3 Bd5 28.
Qe3 h5 29. Qd2 Red8 30. Qxb4 Bh6 31. Re1 f6 32. Re2 Kh7 33. Qh4 Qa6 34. Rae1 Bg5
35. Qf2 Qxa2 36. Nc1 Qc4 37. Rc2 Qb5 38. Ne2 Bb3 39. Nc3 Qxc5 40. Qxc5 Rxc5 41.
Rce2 Bd2 42. Ne4 Bxe1 43. Rxe1 Rc6 44. f4 Bc2 45. fxe5 Bxe4 46. exf6 Rc2 47. Ba3
Rxg2+ 48. Kf1 Rg4 49. Be7 Rd2 50. Rc1 Bd3+ 0-1

[Event "World Rapid 2022"]
[Site "Almaty KAZ"]
[Date "2022.12.26"]
[Round "1.32"]
[White "Sargissian, Gabriel"]
[Black "Hambleton, Aman"]
[Result "1/2-1/2"]
[WhiteTitle "GM"]
[BlackTitle "GM"]
[WhiteElo "2699"]
[BlackElo "2437"]
[WhiteFideId "13300881"]
[BlackFideId "2606577"]
[EventDate "2022.12.26"]

1. d4 Nf6 2. Nf3 e6 3. c4 b6 4. g3 Ba6 5. b3 Bb7 6. Bg2 Bb4+ 7. Bd2 c5 8. Bxb4
cxb4 9. O-O O-O 10. Qd3 a5 11. Nbd2 d6 12. e4 e5 13. Ne1 Nbd7 14. Nc2 Re8 15.
Rfe1 Qc7 16. Rad1 Rad8 17. f3 Bc6 18. Ne3 Qb8 19. Bf1 Nf8 20. Nd5 N6d7 21. Ne3
Ne6 22. Nc2 Nf6 23. Qe3 Bd7 24. Qf2 h5 25. d5 Nc5 26. Be2 h4 27. g4 g5 28. a3
bxa3 29. Nxa3 Nh7 30. Rb1 Qc7 31. Nf1 Nf8 32. Ne3 Ng6 33. Bf1 Nf4 34. Qd2 Ra8
35. Nb5 Bxb5 36. cxb5 Kh7 37. Rec1 Qd7 38. Rc3 Rec8 39. Rbc1 Kg6 40. Qc2 Rcb8
41. Qb2 Ra7 42. R1c2 Rba8 43. Qb1 Rb8 44. Qb2 Rba8 45. Qb1 Rb8 46. Qb2 1/2-1/2

[Event "World Rapid 2022"]
[Site "Almaty KAZ"]
[Date "2022.12.26"]
[Round "1.33"]
[White "Muradli, Mahammad"]
[Black "Rakhmanov, Aleksandr"]
[Result "1-0"]
[WhiteTitle "GM"]
[BlackTitle "GM"]
[WhiteElo "2540"]
[BlackElo "2630"]
[WhiteFideId "13409301"]
[BlackFideId "4173708"]
[EventDate "2022.12.26"]

1. d4 Nf6 2. c4 d6 3. Nf3 g6 4. Nc3 Bf5 5. Nh4 Bd7 6. e4 e5 7. Nf3 exd4 8. Nxd4
Bg7 9. Be2 O-O 10. O-O Nc6 11. Be3 Re8 12. f3 Nh5 13. Qd2 Nxd4 14. Bxd4 Nf4 15.
Kh1 Bxd4 16. Qxd4 f5 17. Rfe1 Ne6 18. Qd2 fxe4 19. Nxe4 Bc6 20. Bd3 a5 21. Re3
Nf4 22. Bc2 Re5 23. Rae1 b6 24. g3 Nh5 25. f4 Re8 26. Kg1 Nf6 27. Ng5 Rxe3 28.
Rxe3 Qd7 29. Re6 Rf8 30. f5 Qg7 31. fxg6 hxg6 32. Re1 Ng4 33. Ne6 Qf6 34. Bd1
Nf2 35. Nf4 1-0

[Event "World Rapid 2022"]
[Site "Almaty KAZ"]
[Date "2022.12.26"]
[Round "1.34"]
[White "Andreikin, Dmitry"]
[Black "Dragnev, Valentin"]
[Result "1/2-1/2"]
[WhiteTitle "GM"]
[BlackTitle "GM"]
[WhiteElo "2729"]
[BlackElo "2556"]
[WhiteFideId "4158814"]
[BlackFideId "1634852"]
[EventDate "2022.12.26"]

1. d4 Nf6 2. c4 e6 3. g3 d5 4. Bg2 Be7 5. Nf3 O-O 6. O-O dxc4 7. Qc2 b5 8. a4
Bb7 9. axb5 a6 10. bxa6 Nxa6 11. Qxc4 Bd5 12. Qc3 c5 13. Be3 Ne4 14. Qe1 Nb4 15.
Rxa8 Bxa8 16. Nc3 Nxg3 17. hxg3 Bxf3 18. Bxf3 cxd4 19. Bd2 dxc3 20. bxc3 Na6 21.
Kg2 Nc5 22. Rh1 Bg5 23. Bxg5 Qxg5 24. Rh5 Qe7 25. Qh1 h6 26. g4 f5 27. gxf5 Rxf5
28. Qh4 Qf7 29. Rxf5 Qxf5 30. Qd4 Qg5+ 31. Kh2 Kf8 32. Qd6+ Kf7 33. Qc7+ Kf8 34.
e3 Qf5 35. Kg2 Qg6+ 36. Kh3 Qf5+ 37. Bg4 Qd5 38. Kh2 Qg5 39. Bf3 Qf5 40. Kg2 Nd3
41. Qd8+ Kf7 42. Bh5+ Qxh5 43. Qd7+ Kf6 44. Qd8+ Kf7 45. Qd7+ Kf6 46. Qd8+ Ke5 1/2-1/2

[Event "World Rapid 2022"]
[Site "Almaty KAZ"]
[Date "2022.12.26"]
[Round "1.35"]
[White "Le, Tuan Minh"]
[Black "Hovhannisyan, Robert"]
[Result "1/2-1/2"]
[WhiteTitle "GM"]
[BlackTitle "GM"]
[WhiteElo "2542"]
[BlackElo "2597"]
[WhiteFideId "12401153"]
[BlackFideId "13302507"]
[EventDate "2022.12.26"]

1. d4 d5 2. c4 c6 3. Nf3 Nf6 4. e3 Bf5 5. Nc3 e6 6. Nh4 Bg6 7. Nxg6 hxg6 8. Qc2
Nbd7 9. Bd2 a6 10. g3 Be7 11. b3 O-O 12. Bg2 Rc8 13. O-O b5 14. Rfd1 bxc4 15.
bxc4 Nb6 16. c5 Nc4 17. Be1 Rb8 18. Bf1 Qc7 19. Bxc4 dxc4 20. Qe2 e5 21. Qxc4
exd4 22. exd4 a5 23. d5 Rb4 24. Qa6 Bxc5 25. Qxc6 Qxc6 26. dxc6 Rc8 27. Nd5 Nxd5
28. Rxd5 Rc4 29. Bxa5 Rxc6 30. Be1 Ba3 31. Bd2 Bc1 32. a4 Bxd2 33. Rxd2 Ra6 34.
a5 Rc5 35. Rda2 g5 36. Ra4 g4 37. Kg2 g6 38. R1a2 Kg7 39. Kf1 Re5 40. Kg2 Rd5
41. h3 gxh3+ 42. Kxh3 g5 43. g4 Kg6 44. Kg3 f6 45. Kf3 Re5 46. Ra1 Kg7 47. Kg2
Kg6 48. R4a3 Kg7 49. Rh1 Rexa5 50. Rah3 Ra4 51. f3 Ra1 52. Rh7+ Kg8 53. Rh8+ Kg7
54. R8h7+ Kg8 55. Rh8+ 1/2-1/2

[Event "World Rapid 2022"]
[Site "Almaty KAZ"]
[Date "2022.12.26"]
[Round "1.36"]
[White "Sarana, Alexey"]
[Black "Harutyunyan, Tigran K."]
[Result "1-0"]
[WhiteTitle "GM"]
[BlackTitle "GM"]
[WhiteElo "2668"]
[BlackElo "2511"]
[WhiteFideId "24133795"]
[BlackFideId "13303635"]
[EventDate "2022.12.26"]

1. d4 Nf6 2. c4 e6 3. Nc3 d5 4. cxd5 Nxd5 5. e4 Nxc3 6. bxc3 c5 7. Rb1 Be7 8.
Nf3 O-O 9. h4 b6 10. h5 h6 11. Rh3 Kh8 12. Rg3 cxd4 13. cxd4 Bb7 14. Bd3 Nc6 15.
Bb2 Bf6 16. e5 Be7 17. a3 f5 18. Rg6 Qd7 19. Bc4 Nd8 20. Qb3 Be4 21. Rd1 f4 22.
d5 Bxg6 23. hxg6 exd5 24. Bxd5 Rc8 25. e6 Qc7 26. Ne5 Qc2 27. Nf7+ Kg8 28. Rd3
Qxb3 29. Bxb3 Rc6 30. Rd7 Re8 31. Nxd8 Bxd8 32. e7+ 1-0

[Event "World Rapid 2022"]
[Site "Almaty KAZ"]
[Date "2022.12.26"]
[Round "1.38"]
[White "Nihal, Sarin"]
[Black "Suleymenov, Alisher"]
[Result "1-0"]
[WhiteTitle "GM"]
[BlackTitle "IM"]
[WhiteElo "2670"]
[BlackElo "2476"]
[WhiteFideId "25092340"]
[BlackFideId "13707833"]
[EventDate "2022.12.26"]

1. Nf3 Nf6 2. c4 g6 3. b3 Bg7 4. Bb2 O-O 5. g3 c5 6. Bg2 Nc6 7. O-O d6 8. d4
cxd4 9. Nxd4 Bd7 10. Nc2 a6 11. Nc3 Rb8 12. Qd2 b5 13. Ne3 Ne5 14. cxb5 axb5 15.
Rfd1 Re8 16. Ncd5 Be6 17. Rac1 Nxd5 18. Nxd5 Bxd5 19. Bxd5 Qb6 20. Bd4 Qa6 21.
Rc7 e6 22. Ra7 Qc8 23. Bg2 Qd8 24. f4 Ng4 25. Bxg7 Kxg7 26. Qxd6 Qf6 27. Qd4 e5
28. fxe5 Nxe5 29. Qf2 Qxf2+ 30. Kxf2 b4 31. h3 h5 32. Rd4 Rec8 33. Bd5 Rc5 34.
Be4 Nc6 35. Bxc6 Rxc6 36. Rf4 Rf6 37. Ra4 h4 38. Rxf6 hxg3+ 39. Kxg3 Kxf6 40. h4
Kg7 41. e4 Kh6 42. Kg4 Rb6 43. e5 Rb5 44. Kf4 Rb7 45. Kg4 Rb5 46. Kf4 Rb7 47.
Ra5 Rd7 48. Ke3 Rc7 49. Rb5 Ra7 50. Rxb4 Rxa2 51. Rf4 Ra3 52. Rxf7 Rxb3+ 53. Kd4
Rb4+ 54. Kd5 Rb6 55. e6 Rb5+ 56. Kc6 Re5 57. e7 Kh5 58. Rh7+ Kg4 59. Kd7 Rd5+
60. Ke6 1-0

[Event "World Rapid 2022"]
[Site "Almaty KAZ"]
[Date "2022.12.26"]
[Round "1.39"]
[White "Tang, Andrew"]
[Black "Tomashevsky, Evgeny"]
[Result "0-1"]
[WhiteTitle "GM"]
[BlackTitle "GM"]
[WhiteElo "2540"]
[BlackElo "2694"]
[WhiteFideId "2059630"]
[BlackFideId "4147235"]
[EventDate "2022.12.26"]

1. d4 Nf6 2. c4 e6 3. Nc3 Bb4 4. Qc2 O-O 5. Nf3 d5 6. Bg5 c5 7. cxd5 exd5 8.
dxc5 h6 9. Bh4 Nbd7 10. a3 Bxc3+ 11. Qxc3 g5 12. Bg3 Ne4 13. Qd4 Ndxc5 14. Rd1
Bd7 15. Qxd5 Ba4 16. Qxd8 Rfxd8 17. Rc1 Rac8 18. Ne5 Nd3+ 0-1

[Event "World Rapid 2022"]
[Site "Almaty KAZ"]
[Date "2022.12.26"]
[Round "1.40"]
[White "Moussard, Jules"]
[Black "Khusnutdinov, Rustam"]
[Result "1-0"]
[WhiteTitle "GM"]
[BlackTitle "GM"]
[WhiteElo "2684"]
[BlackElo "2441"]
[WhiteFideId "642908"]
[BlackFideId "13701703"]
[EventDate "2022.12.26"]

1. e4 e5 2. Nf3 Nc6 3. Bc4 Nf6 4. d3 h6 5. O-O d6 6. c3 g5 7. a4 g4 8. Ne1 h5 9.
f4 Bh6 10. fxe5 Nxe5 11. Bb3 Qe7 12. a5 a6 13. Bxh6 Rxh6 14. Nd2 Bd7 15. Qe2 Rg6
16. d4 Nc6 17. Qe3 O-O-O 18. d5 Ne5 19. Qa7 c5 20. Bc4 Nxc4 21. Nxc4 g3 22. h3
Nxe4 23. Nc2 Nf2 24. Rae1 Qh4 25. Nxd6+ Rxd6 26. Qxc5+ Bc6 27. dxc6 Rxc6 28. Qa7
Re6 29. Nd4 Re4 30. Qc5+ Kb8 31. Nf3 Qf4 32. Qxh5 Rde8 33. Rxe4 Qxe4 34. Qc5 Qf4
35. Qd4 Qc7 36. b4 Rd8 37. Qg7 Ne4 38. Qe5 Nxc3 39. Qxc7+ Kxc7 40. Ne5 f5 41.
Rc1 Kb8 42. Kf1 Ne4 43. Nf3 b6 44. Ke2 bxa5 45. bxa5 Rd5 46. Ke3 Rxa5 47. Kf4
Ra2 48. Rg1 Nd2 49. Nxd2 Rxd2 50. Kxf5 Rd4 51. Kg5 a5 52. h4 Kb7 53. h5 Rd5+ 54.
Kg4 a4 55. Ra1 Rd4+ 56. Kxg3 Kb6 57. Kf3 Kb5 58. g4 Kb4 59. h6 Rd3+ 60. Kf4 Rh3
61. g5 a3 62. Kf5 Kb3 63. Kg6 Kb2 64. Rxa3 Kxa3 65. Kh7 1-0

[Event "World Rapid 2022"]
[Site "Almaty KAZ"]
[Date "2022.12.26"]
[Round "1.41"]
[White "Batsuren, Dambasuren"]
[Black "Andriasian, Zaven"]
[Result "1/2-1/2"]
[WhiteTitle "GM"]
[BlackTitle "GM"]
[WhiteElo "2525"]
[BlackElo "2580"]
[WhiteFideId "4902920"]
[BlackFideId "13302000"]
[EventDate "2022.12.26"]

1. d4 d5 2. c4 c6 3. Nf3 Nf6 4. e3 Bg4 5. Qb3 Qc7 6. Ne5 Be6 7. Nc3 dxc4 8. Bxc4
Bxc4 9. Qxc4 e6 10. e4 Nbd7 11. Nxd7 Qxd7 12. Bg5 Be7 13. Rd1 h6 14. Bf4 O-O 15.
O-O Rfd8 16. h3 b5 17. Qe2 Qb7 18. Qc2 Rac8 19. Be3 a5 20. a3 b4 21. axb4 axb4
22. Na4 b3 23. Qb1 Qb4 24. Nc3 c5 25. dxc5 Bxc5 26. Bxc5 Qxc5 27. Rxd8+ Rxd8 28.
Rd1 Rd4 29. Rxd4 Qxd4 30. Qe1 Qd3 31. f3 Qc2 32. Qf2 Qc1+ 33. Kh2 Qf4+ 34. Qg3
Qd2 35. Qb8+ Kh7 36. Qxb3 Nh5 37. Qd1 Qxb2 38. Ne2 Qe5+ 39. Kg1 g5 40. Qd4 Qa5
41. Qc3 Qa7+ 42. Kf1 Qb6 43. g4 Nf4 44. Nxf4 gxf4 45. Kg2 Qb5 46. Qd2 e5 47. h4
h5 48. Qa2 Kg7 49. gxh5 Qc6 50. Qd5 Qc2+ 51. Kh3 Qc8+ 52. Kg2 Qc7 53. Kh3 Kh6
54. Qa8 Qd7+ 55. Kh2 Qd2+ 56. Kh3 Qd7+ 57. Kh2 1/2-1/2

[Event "World Rapid 2022"]
[Site "Almaty KAZ"]
[Date "2022.12.26"]
[Round "1.42"]
[White "Petrosian, Tigran L."]
[Black "Pranav, V"]
[Result "1/2-1/2"]
[WhiteTitle "GM"]
[BlackTitle "GM"]
[WhiteElo "2551"]
[BlackElo "2545"]
[WhiteFideId "13301616"]
[BlackFideId "25060783"]
[EventDate "2022.12.26"]

1. Nf3 Nf6 2. g3 d5 3. Bg2 c6 4. c4 Bg4 5. Ne5 Bf5 6. cxd5 cxd5 7. Nc3 e6 8. g4
Bg6 9. h4 Bd6 10. Qa4+ Kf8 11. d4 h6 12. Nxg6+ fxg6 13. g5 hxg5 14. hxg5 Rxh1+
15. Bxh1 Nfd7 16. e4 Nc6 17. exd5 Nb6 18. Qc2 exd5 19. Qxg6 Qe8+ 20. Qxe8+ Rxe8+
21. Be3 Nxd4 22. O-O-O Nf5 23. Bxb6 axb6 24. Rxd5 Re5 25. Kc2 Rxd5 26. Bxd5 Bf4
27. g6 Nd6 28. Ne4 Nxe4 29. Bxe4 Ke7 30. Bxb7 Kd6 31. b4 Be5 32. a4 Kc7 33. Be4
Bd6 34. Kb3 Kb8 35. Kc4 Kc7 36. Kb5 Be5 37. f3 Bd6 38. Bd5 Bf4 39. Ka6 Be3 40.
Be4 Bd2 41. b5 Be3 42. Ka7 Bf4 43. Bd5 Be3 44. Be6 Bd2 45. Bb3 Be3 46. Bc2 Bd2
47. Be4 Be3 48. Bb1 Bd2 49. Bc2 Be3 50. a5 bxa5+ 51. Ka6 Kb8 52. b6 Bd4 53. f4
Be3 54. f5 Bd4 55. Kb5 Kb7 56. Be4+ Kb8 57. Kxa5 Bc3+ 58. Kb5 Ba1 59. Kc6 Bd4
60. Kd5 Ba1 61. Bf3 Kb7 62. Kc5+ Kb8 63. Bc6 Bb2 64. Kd5 Ba1 65. Ke6 Bb2 66. Kf7
Bf6 67. Kg8 Kc8 68. Kh7 Kb8 69. Kg8 Kc8 70. Kf7 Kb8 71. Kf8 Ba1 72. Ke7 Bf6+ 73.
Kd7 Bd4 74. Ba8 Bf6 75. Bh1 1/2-1/2

[Event "World Rapid 2022"]
[Site "Almaty KAZ"]
[Date "2022.12.26"]
[Round "1.43"]
[White "Arjun, Kalyan"]
[Black "Bluebaum, Matthias"]
[Result "0-1"]
[WhiteTitle "GM"]
[BlackTitle "GM"]
[WhiteElo "2505"]
[BlackElo "2657"]
[WhiteFideId "35018701"]
[BlackFideId "24651516"]
[EventDate "2022.12.26"]

1. d4 Nf6 2. c4 e6 3. Nf3 d5 4. Nc3 dxc4 5. Qa4+ c6 6. Qxc4 b5 7. Qd3 a6 8. Bg5
Be7 9. e4 b4 10. Na4 O-O 11. Qc2 h6 12. Bxf6 Bxf6 13. e5 Be7 14. Bd3 a5 15. O-O
Ba6 16. Bxa6 Rxa6 17. Nc5 Rb6 18. Rfd1 Rb5 19. Rac1 Qd5 20. b3 Rc8 21. Qe2 Qd8
22. g3 Nd7 23. Na4 Rd5 24. Rd2 Bg5 25. Nxg5 Qxg5 26. Rc4 Qd8 27. Rdc2 Nb6 28.
Nxb6 Qxb6 29. Qe3 Qb7 30. Rc5 Rcd8 31. Rxd5 Rxd5 32. Rc4 Qd7 33. h4 h5 34. Kg2
g6 35. Qe4 Qc7 36. g4 hxg4 37. Qxg4 c5 38. h5 Qb7 39. Qe4 cxd4 40. hxg6 f5 41.
Qh4 Rc5+ 42. f3 0-1

[Event "World Rapid 2022"]
[Site "Almaty KAZ"]
[Date "2022.12.26"]
[Round "1.44"]
[White "Gareyev, Timur"]
[Black "Daneshvar, Bardiya"]
[Result "1-0"]
[WhiteTitle "GM"]
[BlackTitle "IM"]
[WhiteElo "2602"]
[BlackElo "2500"]
[WhiteFideId "14200937"]
[BlackFideId "12576468"]
[EventDate "2022.12.26"]

1. Nf3 d5 2. e3 Nf6 3. c4 c6 4. Nc3 e6 5. b3 Nbd7 6. Bb2 Bd6 7. Qc2 Qe7 8. h3 a6
9. g4 h6 10. Rg1 e5 11. d4 e4 12. Nh4 g6 13. O-O-O b5 14. c5 Bh2 15. Rh1 Bc7 16.
Kb1 Nh7 17. Ng2 Ndf6 18. Be2 Ng5 19. Nf4 Ne6 20. Nxe6 Bxe6 21. f3 b4 22. Na4
exf3 23. Bxf3 Ne4 24. Nb6 Bxb6 25. cxb6 O-O 26. Bxe4 dxe4 27. Qxc6 Rac8 28. Qa4
Qd6 29. d5 Bd7 30. Qxa6 Rc5 31. a4 Rfc8 32. Qa7 Rb8 33. b7 Rc3 34. Qd4 Rxb7 35.
Rc1 f6 36. Ka2 Rd3 37. Qxe4 Rd2 38. Qxg6+ Kf8 39. Qxh6+ Ke7 40. Qh7+ Kd8 41.
Qg8+ Be8 42. Rhd1 Re2 43. Rc8+ Kxc8 44. Qxe8+ Qd8 45. Rc1+ Rc7 46. Rxc7+ Kxc7
47. Qc6+ 1-0

[Event "World Rapid 2022"]
[Site "Almaty KAZ"]
[Date "2022.12.26"]
[Round "1.46"]
[White "Paravyan, David"]
[Black "Munkhgal, Gombosuren"]
[Result "1-0"]
[WhiteTitle "GM"]
[BlackTitle "GM"]
[WhiteElo "2586"]
[BlackElo "2463"]
[WhiteFideId "4194985"]
[BlackFideId "4901266"]
[EventDate "2022.12.26"]

1. e4 e6 2. d4 d5 3. Nc3 Bb4 4. e5 b6 5. Qg4 Bf8 6. Nf3 Ba6 7. Bxa6 Nxa6 8. O-O
Nb4 9. a3 Nc6 10. Bd2 Nge7 11. Ne2 Nf5 12. Ng3 g6 13. Bg5 Be7 14. Bxe7 Qxe7 15.
Qf4 O-O-O 16. Rac1 g5 17. Nxf5 gxf4 18. Nxe7+ Nxe7 19. Ng5 Rhg8 20. Nxh7 f3 21.
g3 Rg4 22. Rfd1 Nf5 23. c3 Rh8 24. Nf6 Rg6 25. Rd3 Rgh6 26. Ng4 Rg6 27. Ne3 Rh3
28. Nxf5 exf5 29. Rxf3 Rgh6 30. Kf1 Rxh2 31. Ke2 R6h5 32. c4 dxc4 33. Rxc4 Kd7
34. Rfc3 c5 35. dxc5 bxc5 36. Rxc5 Rg2 37. Kf3 Rhh2 38. Rc2 f4 39. gxf4 Rg1 40.
Rc7+ Ke8 41. Rc8+ Ke7 42. R2c7+ Ke6 43. Re8+ Kd5 44. Rd8+ 1-0

[Event "World Rapid 2022"]
[Site "Almaty KAZ"]
[Date "2022.12.26"]
[Round "1.47"]
[White "Burmakin, Vladimir"]
[Black "Narayanan, S.L."]
[Result "1/2-1/2"]
[WhiteTitle "GM"]
[BlackTitle "GM"]
[WhiteElo "2498"]
[BlackElo "2669"]
[WhiteFideId "4105109"]
[BlackFideId "5058422"]
[EventDate "2022.12.26"]

1. d4 Nf6 2. Nf3 c5 3. c3 d5 4. Bf4 Qb6 5. Qb3 Nc6 6. dxc5 Qxc5 7. e3 g6 8. Qb5
Qxb5 9. Bxb5 Bd7 10. h3 Bg7 11. Nbd2 O-O 12. O-O a6 13. Be2 Rfc8 14. Rfd1 Be8
15. Ne5 e6 16. Bh2 b5 17. Nxc6 Bxc6 18. Be5 Nd7 19. Bxg7 Kxg7 20. Nf3 Nb6 21.
Nd4 Be8 22. Rab1 Rab8 23. f3 e5 24. Nc2 a5 25. Ne1 f6 26. Kf2 Bc6 27. Rbc1 Rc7
28. Nd3 Be8 29. b4 axb4 30. Nxb4 Ra8 31. Rc2 Rc5 32. Nd3 Rcc8 33. Nb4 Rc5 34.
Nd3 Rc7 35. Nb4 Rca7 36. Nxd5 Nxd5 37. Rxd5 Rxa2 38. Rdd2 Rxc2 39. Rxc2 Rc8 40.
Rb2 1/2-1/2

[Event "World Rapid 2022"]
[Site "Almaty KAZ"]
[Date "2022.12.26"]
[Round "1.48"]
[White "Donchenko, Alexander"]
[Black "Petkov, Momchil"]
[Result "1-0"]
[WhiteTitle "GM"]
[BlackTitle "GM"]
[WhiteElo "2636"]
[BlackElo "2531"]
[WhiteFideId "24603295"]
[BlackFideId "2921642"]
[EventDate "2022.12.26"]

1. c4 e5 2. Nc3 Bb4 3. Nd5 a5 4. Nf3 d6 5. a3 Bc5 6. e3 c6 7. d4 Ba7 8. Nc3 Nd7
9. b4 Ngf6 10. Bb2 O-O 11. Be2 Re8 12. b5 exd4 13. Nxd4 Ne5 14. O-O Bd7 15. a4
Rc8 16. h3 Bb8 17. Qb3 Qe7 18. Rad1 Ng6 19. Rfe1 Nh4 20. Nf3 Ng6 21. Ba3 Ne5 22.
Nd4 Qd8 23. Rd2 Qc7 24. Red1 Ba7 25. Nf5 Bxf5 26. Bxd6 Qd7 27. b6 Bb8 28. Bxb8
Qe6 29. Bc7 Nfd7 30. Qa3 Nf6 31. Rd6 Qe7 32. Qc5 Bc2 33. R1d2 Bg6 34. Qxa5 Ra8
35. Qc5 Ned7 36. Qd4 Nf8 37. Bd8 Qe5 38. Qxe5 Rxe5 39. Bxf6 gxf6 40. Rd8 Rea5
41. Bg4 Kg7 42. h4 h5 43. Bh3 R8a6 44. Rb2 Ra8 45. Rc8 Bd3 46. Rc7 Rb8 47. Bc8
Rc5 48. Bxb7 Rxc4 49. Rb3 Ne6 50. a5 Nc5 51. a6 Nxb3 52. a7 Rf8 53. Rc8 Rxc3 54.
Rxf8 Rc1+ 55. Kh2 Nd2 56. Rg8+ Kxg8 57. a8=Q+ Kg7 58. Bc8 Nf1+ 59. Kh3 Nd2 60.
f3 Rh1+ 61. Kg3 Nf1+ 62. Kf2 Nd2 63. b7 1-0